| 000 | 00462nam a2200169 4500 | ||
|---|---|---|---|
| 001 | 109762 | ||
| 003 | ES-MaACL | ||
| 005 | 20230906184915.0 | ||
| 007 | t| | ||
| 008 | 061121s1971 sp r ||||1| spa d | ||
| 100 | 1 |
_aMuñiz Romero, Carlos. _984280 |
|
| 245 | 1 | 3 |
_aEl llanto de los buitres / _cCarlos Muñiz Romero. |
| 250 | _a1ª. ed. | ||
| 260 |
_aBarcelona : _bEdiciones 29, _c1971. |
||
| 300 |
_a241 p. ; _c20 cm. |
||
| 852 |
_aES-MaACL _jC-41174 _bR.80056 |
||
| 999 |
_c109762 _d109762 |
||